| 000 | 03085nam0a2200421 4500 | ||
|---|---|---|---|
| 001 | RU\NLR\BIBL_A\022353681 | ||
| 005 | 20260420015924.0 | ||
| 010 |
_a978-5-7924-1933-9 _933 |
||
| 021 |
_aRU _bКН-П-24-052737 _9КН-П-24-5246 |
||
| 035 | _a(NLR Aleph) 022353681 | ||
| 090 |
_a13667542 _c13667542 |
||
| 100 | _a20241016d2023 u y0rusy50 ca | ||
| 101 | 0 | _arus | |
| 102 | _aRU | ||
| 105 | _ay j 000yy | ||
| 181 | 0 |
_ai4 _baxxe |
|
| 182 | 0 | _an | |
| 200 | 1 |
_aИстория государства и права зарубежных стран: Новое и Новейшее время _eучебное пособие _eдля обучающихся по программам высшего образования по укрупненной группе специальностей и направлений подготовки 40.00.00 Юриспруденция _fканд. юрид. наук, доцент И. В. Воронкова, канд. юрид. наук В. Е. Николаев, канд. юрид. наук, доцент Л. С. Гимишян [и др.] _gпод редакцией кандидата юридических наук, доцента И. В. Воронковой _gМинистерство науки и высшего образования Российской Федерации, Федеральное государственное бюджетное образовательное учреждение высшего образования "Саратовская государственная юридическая академия" |
|
| 203 |
_aТекст _bвизуальный _cнепосредственный |
||
| 205 | _a2-е изд., испр и доп. | ||
| 210 |
_aСаратов _cИзд-во Саратовской государственной юридической академии _d2023 |
||
| 215 |
_a254 с. _d21 |
||
| 300 | _aАвт. указаны на обороте тит. с. | ||
| 320 | _aБиблиогр.: с. 253-254 | ||
| 606 | 1 |
_aПраво _jУчебные издания для высших учебных заведений _xИстория _yЗарубежные страны _z17 - 20 вв. _92414131 _3RU\NLR\AUTH\661438134 |
|
| 606 | 1 |
_aГосударство _jУчебные издания для высших учебных заведений _xИстория _yЗарубежные страны _z17 - 20 вв. _92414135 _3RU\NLR\AUTH\661438136 |
|
| 686 | 1 | _aХ2(0)5я73 | |
| 686 | 1 | _aХ2(0)6я73 | |
| 701 | 1 |
_aВоронкова _bИ. В. _gИрина Владимировна |
|
| 701 | 1 |
_aНиколаев _bВ. Е. _cканд. юрид. наук _gВладимир Евгеньевич _3RU\NLR\AUTH\770274730 |
|
| 701 | 1 |
_aГимишян _bЛ. С. _gЛилиана Седраковна |
|
| 712 | 0 | 2 |
_4475 _aСаратовская государственная юридическая академия _9292022 _3RU\NLR\AUTH\8810201934 |
| 942 | _cBOOK | ||
| 980 | _aNB | ||